Ecological anthropology. (Record no. 25585)

MARC details
000 -LEADER
fixed length control field 00338nam a2200133Ia 4500
082 ## - DEWEY DECIMAL CLASSIFICATION NUMBER
Classification number 572:574
Item number HAR
100 ## - MAIN ENTRY--AUTHOR NAME
Personal name HARDESTY, Donald L
245 #0 - TITLE STATEMENT
Title Ecological anthropology.
260 ## - PUBLICATION, DISTRIBUTION, ETC. (IMPRINT)
Place of publication New York
Name of publisher John Wiley
Year of publication 1977
650 ## - SUBJECT ADDED ENTRY--TOPICAL TERM
Topical Term Anthropology
650 ## - SUBJECT ADDED ENTRY--TOPICAL TERM
Topical Term Ecological system
942 ## - ADDED ENTRY ELEMENTS (KOHA)
Koha item type Books
Holdings
Withdrawn status Lost status Damaged status Not for loan Home library Current library Date acquired Full call number Accession Number Koha item type
        RRII Library RRII Library 16/12/2021 572:574 HAR 06240 Books